Normal view
MARC view
- Meyer, W.E
Entry Personal Name
001 - CONTROL NUMBER
- control field: 62207
003 - CONTROL NUMBER IDENTIFIER
- control field: NUST
005 - DATE AND TIME OF LATEST TRANSACTION
- control field: 20210628202908.0
008 - FIXED-LENGTH DATA ELEMENTS
- fixed length control field: 210628|| aca||aabn | a|a d
040 ## - CATALOGING SOURCE
- Original cataloging agency: NUST
- Transcribing agency: NUST
100 ## - HEADING--PERSONAL NAME
- Personal name: Meyer, W.E
670 ## - SOURCE DATA FOUND
- Source citation: Work cat.: (NUST): Meyer, W.E, Frictional interaction of tire and pavement, 1983
